000 01327cam a2200325 a 4500
001 4036937
003 ARRUPE
005 20211008113138.0
008 980318s1998 caua b 001 0 eng
010 _a 98070490
020 _a0520219376
040 _aDLC
_cDLC
_dDLC
050 0 0 _aRC386.6.B7
_bC37 1998
082 0 0 _a612.8/2
_221
100 1 _aCarter, Rita,
_d1949-
_950387
245 1 0 _aMapping the mind /
_cRita Carter ; scientific adviser : Christopher Frith.
260 _aBerkeley, CA. :
_bUniversity of California Press,
_cc1998.
300 _a224 p. :
_bcol. ill. ;
_c27 cm.
500 _aDesigned and illustrated by MoonRunner Design Ltd.
504 _aIncludes bibliographical references (p. 208-220) and index.
650 0 _aBrain mapping
_vPopular works.
_950388
700 1 _aFrith, Christopher D.
_950389
856 4 2 _3Contributor biographical information
_uhttp://www.loc.gov/catdir/bios/ucal052/98070490.html
856 4 2 _3Publisher description
_uhttp://www.loc.gov/catdir/description/ucal042/98070490.html
856 4 1 _3Sample text
_uhttp://www.loc.gov/catdir/samples/ucal041/98070490.html
906 _a7
_bcbc
_corignew
_d2
_eopcn
_f19
_gy-gencatlg
942 _2lcc
_cMONOGRAPH
999 _c130744
_d130744